000 00788nam a2200217Ia 4500
005 20241129110144.0
008 241129s9999||||xx |||||||||||||| ||und||
037 _aTB
040 _aARTS
_bpun
_cARTS
041 _apun
_2rus
084 _aO142,3x 153R2
_qARTS
100 _aਇੰਦਰਾ, ਮਨਜੀਤ, ਚ।
245 0 _aਰੂਸੀ ਲੋਕ ਕਹਾਣੀਆਂ ਛੋਟੀ ਕੁੜੀ ਅਤੇ ਹੰਮ
_cਇੰਦਰਾ, ਮਨਜੀਤ, ਚ।
260 _aਚੰਡੀਗੜ੍ਹ, ਭਾਰਤ
_bਚੰਡੀਗੜ੍ਹ ਯੂਨੀਸਟਾਰ
_c2023
300 _a143ਪ੍ਰ0
365 _aINR
_b200
546 _aTranslated from Russian to Punjabi.
650 _aRussian Fiction
942 _cTB
_hO142,3x 153R2
999 _c1227517
_d1227517